Dodržování požadavku na ochranu spotřebitele na webových stránkách českých cestovních kanceláří

Zhodnotenie plnenia podmienok, daných zákonom pri používaní direkt marketingu v distribúcií produktov na internete českých cestovných kancelárií.

Enregistré dans:
Détails bibliographiques
Auteur principal: Chaloupková, Kateřina
Autres auteurs: Hodač, Martin
Format: Chapitre de livre
Langue:tchèque
Sujets:
Tags: Ajouter un tag
Pas de tags, Soyez le premier à ajouter un tag!

MARC

LEADER 00000naa a2200000 4500
001 0306772
005 20250204125952.5
041 0 |a cze 
044 |a CZ 
245 1 0 |a Dodržování požadavku na ochranu spotřebitele na webových stránkách českých cestovních kanceláří  |c Kateřina Chaloupková, Martin Hodač 
520 |a Zhodnotenie plnenia podmienok, daných zákonom pri používaní direkt marketingu v distribúcií produktov na internete českých cestovných kancelárií. 
610 2 0 |a kancelárie cestovné 
610 2 0 |a ruch cestovný 
610 2 0 |a Česko 
610 2 0 |a produkty 
610 2 0 |a marketing 
610 2 0 |a marketing destinačný 
610 2 0 |a marketing medzinárodný 
610 2 0 |a právo 
610 2 0 |a legislatíva 
610 2 0 |a zákony 
100 1 |a Chaloupková, Kateřina 
700 1 |a Hodač, Martin